|
|
|
|
| LEADER |
00000nab a2200000 a 4500 |
| 001 |
vtls010172613 |
| 003 |
SK-MaSNL |
| 005 |
20260304161121.0 |
| 008 |
250507c2010 xo ||||||||||||00 b|slo |
| 015 |
|
|
|a SNBRB2010/09
|2 snkbucl
|
| 035 |
|
|
|a (uuid)adf8a334-598d-4d91-993b-77d485f558f3
|
| 035 |
|
|
|a urn:nbn:sk:snk-ab16y9
|
| 035 |
|
|
|a (urnnbn)urn:nbn:sk:snk:ar-a04fpf
|
| 038 |
|
|
|a SNKBUCL
|
| 040 |
|
|
|a SNKBUCL
|b slo
|c SNKBUCL
|e AACR2
|
| 041 |
0 |
|
|a slo
|
| 044 |
|
|
|a xo
|c SK
|
| 080 |
|
|
|a 633.85
|2 1997
|
| 080 |
|
|
|a 631.5
|2 1997
|
| 080 |
|
|
|a 632.9
|2 1997
|
| 100 |
1 |
|
|a Herda, Gerhard
|4 aut
|9 1484621
|
| 245 |
1 |
0 |
|a Aktuality pri zakladaní a ochrane repkových porastov
|c Gerhard Herda, Jaromír Šaroun
|
| 300 |
|
|
|b Fotogr.
|
| 650 |
0 |
7 |
|a repka olejná
|2 snkbucl
|9 56830
|
| 650 |
0 |
7 |
|a zakladanie porastov
|2 snkbucl
|9 333224
|
| 650 |
0 |
7 |
|a ochrana rastlín
|2 snkbucl
|9 3636
|
| 700 |
1 |
|
|a Šaroun, Jaromír
|4 aut
|9 1426159
|
| 773 |
0 |
|
|t Naše pole
|g Roč. XIII [XIV], č. 9 (2010), s. 28-29
|x 1335-2466
|
| 850 |
|
|
|a Slovenská národná knižnica
|
| 852 |
|
|
|a Slovenská národná knižnica
|
| 954 |
|
|
|a odborná, vedecká literatúra pôvodná (slovenská)
|2 lita
|
| 958 |
|
|
|a article27
|
| 958 |
|
|
|a OND
|
| 958 |
|
|
|a EUIPO
|
| 999 |
|
|
|c 2970049
|d 2971979
|